Preparation of Fiber Reinforced Concrete Using Lacally Available Maerial (Record no. 551265)

000 -LEADER
fixed length control field 00396nam a22001337a 4500
082 ## - DEWEY DECIMAL CLASSIFICATION NUMBER
Classification number P-471
100 ## - MAIN ENTRY--PERSONAL NAME
Personal name Saad Athar Rashid
9 (RLIN) 48270
245 ## - TITLE STATEMENT
Title Preparation of Fiber Reinforced Concrete Using Lacally Available Maerial
Statement of responsibility, etc. Khalid Mannan Tariq
260 ## - PUBLICATION, DISTRIBUTION, ETC.
Place of publication, distribution, etc. Risalpur
Name of publisher, distributor, etc. MCE
Date of publication, distribution, etc. 18-11-2011
526 ## - STUDY PROGRAM INFORMATION NOTE
Program name 0
Interest level 0
Reading level 0
Title point value P_471
650 ## - SUBJECT ADDED ENTRY--TOPICAL TERM
Topical term or geographic name entry element Project
700 ## - ADDED ENTRY--PERSONAL NAME
Personal name Shazad Ul Hassan Amir
9 (RLIN) 48271
942 ## - ADDED ENTRY ELEMENTS (KOHA)
Source of classification or shelving scheme
Koha item type Book
Holdings
Withdrawn status Lost status Source of classification or shelving scheme Damaged status Not for loan Permanent Location Current Location Date acquired Total Checkouts Full call number Barcode Date last seen Price effective from Koha item type Public note
          Military College of Engineering (MCE) Military College of Engineering (MCE) 12/05/2014   P-471 MCE-P-471 12/05/2014 12/05/2014 Book Project
© 2023 Central Library, National University of Sciences and Technology. All Rights Reserved.